[Event "Titled Tue 17th Jun Early"]
[Site "chess.com INT"]
[Date "2025.06.17"]
[Round "6"]
[White "Shafer, Logan C"]
[Black "Dragnev, Valentin"]
[Result "0-1"]
[WhiteTitle "CM"]
[BlackTitle "GM"]
[WhiteElo "2217"]
[BlackElo "2547"]
[WhiteFideId "30993342"]
[BlackFideId "1634852"]
[EventDate "2025.06.17"]

1. e4 d5 2. exd5 Qxd5 3. Nc3 Qa5 4. Nf3 Nf6 5. d4 Bf5 6. Bc4 Nbd7 7. Bd2 c6 8.
Qe2 Qc7 9. O-O-O e6 10. Rhe1 Be7 11. Bd3 Bxd3 12. Qxd3 O-O 13. Kb1 Rad8 14. h3
c5 15. Be3 c4 16. Qd2 Nb6 17. g4 Bb4 18. a3 Ne4 19. Nxe4 Bxd2 20. Nfxd2 Na4 21.
c3 Rd5 22. Ka1 Rfd8 23. Rb1 h6 24. Nf3 Ra5 25. Nc5 b6 26. Nxa4 Rxa4 27. Rbd1 Qc6
28. Ne5 Qb5 29. Rd2 Qb3 30. f4 Rd5 31. Rde2 Rxa3+ 32. bxa3 Qxa3+ 33. Kb1 Rb5+
34. Kc2 Rb2+ 35. Kd1 Qa4+ 0-1

[Event "Titled Tue 17th Jun Early"]
[Site "chess.com INT"]
[Date "2025.06.17"]
[Round "6"]
[White "Khafizova, Diana"]
[Black "Hernandez Jimenez, Alexander Andres"]
[Result "1-0"]
[WhiteTitle "WFM"]
[BlackTitle "FM"]
[WhiteElo "2075"]
[BlackElo "2069"]
[WhiteFideId "34378049"]
[BlackFideId "3900452"]
[EventDate "2025.06.17"]

1. e4 c5 2. Nc3 d6 3. g3 g6 4. Bg2 Bg7 5. d3 Nf6 6. f4 Nc6 7. Nf3 O-O 8. O-O Nd4
9. h3 Rb8 10. a4 b6 11. Be3 Nd7 12. g4 f5 13. gxf5 gxf5 14. Bxd4 cxd4 15. Nb5 e5
16. Nxd6 fxe4 17. Nxe4 Rxf4 18. Nfg5 Nf6 19. Rxf4 exf4 20. Qf3 Nxe4 21. Nxe4 Qh4
22. Nd6 Be6 23. Qe4 Qf6 24. Re1 f3 25. Bxf3 Rd8 26. Qxe6+ Qxe6 27. Rxe6 1-0

[Event "Titled Tue 17th Jun Early"]
[Site "chess.com INT"]
[Date "2025.06.17"]
[Round "6"]
[White "Kiseleva, Arina"]
[Black "Omariev, Maksim"]
[Result "0-1"]
[WhiteTitle "WCM"]
[BlackTitle "FM"]
[WhiteElo "1994"]
[BlackElo "2304"]
[WhiteFideId "4164989"]
[BlackFideId "4193423"]
[EventDate "2025.06.17"]

1. d4 a6 2. Nf3 b6 3. e4 c6 4. Bd3 d6 5. O-O e6 6. c4 f6 7. Nc3 g6 8. e5 dxe5 9.
dxe5 f5 10. Bg5 Qc7 11. Re1 Nd7 12. a3 Bg7 13. Qe2 c5 14. Bf6 Ngxf6 15. exf6
Nxf6 16. Ng5 O-O 17. Nxe6 Bxe6 18. Qxe6+ Kh8 19. Qe7 Qf4 20. Qb7 Ng4 21. Re7
Rae8 22. Rxe8 Rxe8 23. g3 Qxf2+ 0-1

[Event "Titled Tue 17th Jun Early"]
[Site "chess.com INT"]
[Date "2025.06.17"]
[Round "6"]
[White "Atanasov, Anthony"]
[Black "Durarbayli, Vasif"]
[Result "1-0"]
[WhiteTitle "IM"]
[BlackTitle "GM"]
[WhiteElo "2417"]
[BlackElo "2612"]
[WhiteFideId "2623897"]
[BlackFideId "13402935"]
[EventDate "2025.06.17"]

1. d4 Nf6 2. Bf4 d5 3. e3 c5 4. Nf3 Qb6 5. Nc3 Bd7 6. Rb1 cxd4 7. Qxd4 e6 8. Nb5
Bxb5 9. Qxb6 axb6 10. Bxb5+ Nfd7 11. c4 Rxa2 12. Bxb8 Bb4+ 13. Ke2 Ke7 14. Bf4
Nf6 15. Bg5 Bc3 16. cxd5 Bxb2 17. Bc4 Rha8 18. Bxa2 Rxa2 19. dxe6 Kxe6 20. Bxf6
Bxf6+ 21. Nd2 1-0

[Event "Titled Tue 17th Jun Early"]
[Site "chess.com INT"]
[Date "2025.06.17"]
[Round "6"]
[White "Zmijanac, Dusko"]
[Black "Darmanin, Jake"]
[Result "0-1"]
[WhiteTitle "FM"]
[BlackTitle "CM"]
[WhiteElo "2007"]
[BlackElo "2052"]
[WhiteFideId "908762"]
[BlackFideId "5601061"]
[EventDate "2025.06.17"]

1. d4 Nf6 2. Bg5 d5 3. e3 c5 4. Nc3 cxd4 5. exd4 Nc6 6. Nf3 Bf5 7. a3 Ne4 8. Be3
Nxc3 9. bxc3 Qa5 10. Qd2 e6 11. Bd3 Bg6 12. O-O Bd6 13. a4 O-O 14. Rfb1 Rab8 15.
Rb5 Qc7 16. Rab1 b6 17. h3 Na5 18. Bxg6 hxg6 19. Ne5 Bxe5 20. dxe5 Nc4 21. Qd4
Na3 22. h4 Nxc2 23. Qg4 Na3 24. h5 Nxb1 25. Rxb1 Qxe5 26. hxg6 Qf5 27. gxf7+
Rxf7 28. Qd1 Rc8 29. a5 bxa5 30. Bd4 e5 31. Be3 Rxc3 32. Qxd5 Qxb1+ 0-1

[Event "Titled Tue 17th Jun Early"]
[Site "chess.com INT"]
[Date "2025.06.17"]
[Round "6"]
[White "Hobaica, Juan Pablo"]
[Black "Thomforde-Toates, Noah"]
[Result "0-1"]
[WhiteTitle "IM"]
[WhiteElo "2386"]
[BlackElo "2128"]
[WhiteFideId "104159"]
[BlackFideId "30951992"]
[EventDate "2025.06.17"]

1. e4 c5 2. Nf3 g6 3. d4 cxd4 4. Nxd4 Bg7 5. Nc3 Nc6 6. Nxc6 bxc6 7. Bd3 d6 8.
O-O Nf6 9. Bg5 O-O 10. Qd2 Rb8 11. Rab1 Be6 12. f4 Qa5 13. f5 Bd7 14. Kh1 Rfe8
15. Bh6 Bxh6 16. Qxh6 Ng4 17. Qh4 Ne5 18. f6 exf6 19. Qxf6 Be6 20. Ne2 Qxa2 21.
Nd4 c5 22. Ra1 Qxb2 23. Nf5 Bxf5 24. exf5 Nxd3 25. Qxd6 Nf2+ 26. Kg1 Ne4 27. Qd5
Rbd8 28. Qb7 Qd4+ 29. Kh1 Nf2+ 0-1

[Event "Titled Tue 17th Jun Early"]
[Site "chess.com INT"]
[Date "2025.06.17"]
[Round "6"]
[White "Bacus, Dharim"]
[Black "Pavlov, Nikolay"]
[Result "0-1"]
[WhiteTitle "FM"]
[BlackTitle "FM"]
[WhiteElo "2131"]
[BlackElo "2316"]
[WhiteFideId "5201527"]
[BlackFideId "24141470"]
[EventDate "2025.06.17"]

1. e4 c6 2. d4 d5 3. Nd2 dxe4 4. Nxe4 Nf6 5. Nxf6+ exf6 6. c3 Bd6 7. Bd3 O-O 8.
Qc2 Re8+ 9. Ne2 h5 10. O-O h4 11. h3 Nd7 12. c4 Nf8 13. Nc3 Bc7 14. Ne2 Ne6 15.
Be3 Qd6 16. f4 Ng5 17. Bf2 Nxh3+ 18. gxh3 Bxh3 19. Rfe1 Qd7 20. Be4 Qg4+ 21. Kh1
Rxe4 22. Qxe4 f5 23. Rg1 fxe4 24. Rxg4 Bxg4 25. Nc3 Bxf4 26. Bxh4 g5 27. Rg1
Bf3+ 0-1

[Event "Titled Tue 17th Jun Early"]
[Site "chess.com INT"]
[Date "2025.06.17"]
[Round "6"]
[White "Nguyen, Ngoc Truong Son"]
[Black "Dann, Matthias"]
[Result "1-0"]
[WhiteTitle "GM"]
[BlackTitle "IM"]
[WhiteElo "2600"]
[BlackElo "2446"]
[WhiteFideId "12401110"]
[BlackFideId "24638056"]
[EventDate "2025.06.17"]

1. e4 c5 2. c3 e6 3. d4 d5 4. e5 Nc6 5. Nf3 Bd7 6. Na3 cxd4 7. cxd4 Bb4+ 8. Bd2
Qb6 9. Nc2 Bxd2+ 10. Qxd2 Qxb2 11. Bd3 Qb6 12. O-O Nge7 13. h4 h6 14. Rab1 Qc7
15. Qf4 f5 16. h5 Rg8 17. Rfc1 O-O-O 18. a4 g5 19. hxg6 Rxg6 20. Na3 a6 21. Qd2
Rdg8 22. Ne1 Kd8 23. Nb5 axb5 24. axb5 Qa5 25. bxc6 Qxd2 26. cxb7 Rxg2+ 27. Nxg2
Qxd3 28. b8=Q+ Nc8 29. Rb7 Rxg2+ 30. Kxg2 Qe4+ 31. Kg1 Qg4+ 32. Kf1 Qh3+ 33. Ke1
Qh1+ 34. Kd2 1-0

[Event "Titled Tue 17th Jun Early"]
[Site "chess.com INT"]
[Date "2025.06.17"]
[Round "6"]
[White "El Jawich, Amro"]
[Black "Gardezi, Arsal"]
[Result "0-1"]
[WhiteTitle "FM"]
[WhiteElo "2307"]
[BlackElo "2048"]
[WhiteFideId "5300380"]
[BlackFideId "30949521"]
[EventDate "2025.06.17"]

1. g3 Nf6 2. Bg2 g6 3. Nf3 Bg7 4. O-O O-O 5. d3 d5 6. Nbd2 c5 7. e4 dxe4 8. dxe4
Nc6 9. c3 Bg4 10. h3 Bd7 11. Qe2 Qc8 12. Kh2 Be6 13. a4 h6 14. Re1 Nd7 15. Nc4
Nb6 16. Nfd2 Rd8 17. a5 Nxc4 18. Nxc4 Bxc4 19. Qxc4 Ne5 20. Qe2 c4 21. Be3 Qc6
22. Bd4 Nd3 23. Red1 Bxd4 24. cxd4 Rxd4 25. b3 Rad8 26. e5 Qc7 27. bxc4 Nxe5 28.
Rxd4 Rxd4 29. Bxb7 Rxc4 30. Rb1 Rc2 31. Qe1 Qxb7 32. Rxb7 Nf3+ 33. Kg2 Nxe1+ 34.
Kf1 Nd3 35. Rxe7 Rxf2+ 36. Kg1 Ra2 37. Rxa7 Kg7 38. h4 h5 39. Ra8 Nc5 40. Kf1
Kf6 41. Ke1 Kf5 42. Kd1 Kg4 43. Kc1 Kxg3 44. Kb1 Ra4 45. Kb2 Kxh4 46. Kc3 g5 47.
Rd8 Rxa5 0-1

[Event "Titled Tue 17th Jun Early"]
[Site "chess.com INT"]
[Date "2025.06.17"]
[Round "6"]
[White "Murawski, Jan"]
[Black "Hrabinska, Myroslava"]
[Result "1-0"]
[WhiteTitle "CM"]
[BlackTitle "WGM"]
[WhiteElo "2164"]
[BlackElo "2121"]
[WhiteFideId "21009287"]
[BlackFideId "14109190"]
[EventDate "2025.06.17"]

1. c4 Nf6 2. Nc3 e6 3. e4 c5 4. Nf3 Nc6 5. d4 Ng8 6. d5 exd5 7. exd5 Nb8 8. d6
Qf6 9. Nb5 Na6 10. Bd3 Bxd6 11. O-O Ne7 12. Bg5 Bxh2+ 13. Kxh2 Qxb2 14. Rb1 Qxa2
15. Nd6+ Kf8 16. Bxe7+ Kxe7 17. Qe1+ 1-0

[Event "Titled Tue 17th Jun Early"]
[Site "chess.com INT"]
[Date "2025.06.17"]
[Round "6"]
[White "Platzgummer, Fabian"]
[Black "Aradhya, Garg"]
[Result "0-1"]
[WhiteTitle "IM"]
[BlackTitle "IM"]
[WhiteElo "2293"]
[BlackElo "2370"]
[WhiteFideId "1617222"]
[BlackFideId "25006746"]
[EventDate "2025.06.17"]

1. Nf3 d5 2. g3 g6 3. Bg2 Bg7 4. O-O Nf6 5. d3 O-O 6. c4 c5 7. cxd5 Nxd5 8. Nc3
Nxc3 9. bxc3 Bxc3 10. Rb1 Bg7 11. Be3 Na6 12. Nd2 Rb8 13. a4 b6 14. a5 Bb7 15.
Bxb7 Rxb7 16. axb6 axb6 17. Nc4 b5 18. Na3 Qd7 19. Qc2 Rfb8 20. Rfc1 b4 21. Nc4
b3 22. Qd2 b2 23. Rc2 Qa4 24. Kg2 Qa2 25. Qd1 Rb3 26. h4 Nb4 27. Rd2 Nd5 28. Qc2
Nxe3+ 29. fxe3 Rc3 30. Rxb2 Qa8+ 31. Kf2 Rxc2 32. Rbxc2 Qh1 33. e4 Rb1 34. Ra2
Bd4+ 35. e3 Qf1# 0-1

[Event "Titled Tue 17th Jun Early"]
[Site "chess.com INT"]
[Date "2025.06.17"]
[Round "6"]
[White "Arabidze, Meri"]
[Black "Carroll, Thomas"]
[Result "1-0"]
[WhiteTitle "IM"]
[WhiteElo "2440"]
[BlackElo "2131"]
[WhiteFideId "13604040"]
[BlackFideId "450111"]
[EventDate "2025.06.17"]

1. b3 d5 2. Bb2 Nf6 3. e3 Bf5 4. Bd3 Bxd3 5. cxd3 e6 6. f4 Be7 7. Nf3 O-O 8. O-O
a5 9. Nc3 Nc6 10. Nb5 a4 11. bxa4 Nb4 12. Bxf6 Bxf6 13. d4 c5 14. Qb3 Qa5 15.
Rab1 Qxa4 16. dxc5 Nxa2 17. d4 g6 18. h3 h5 19. Ne5 Bxe5 20. fxe5 Qxb3 21. Rxb3
Ra4 22. Nd6 Rb4 23. Rxb4 Nxb4 24. Rb1 Nc2 25. Rxb7 Ra8 26. c6 Nxe3 27. c7 Ra1+
28. Kf2 Nf5 29. c8=Q+ Kg7 30. Rxf7+ Kh6 31. Nxf5+ 1-0

[Event "Titled Tue 17th Jun Early"]
[Site "chess.com INT"]
[Date "2025.06.17"]
[Round "6"]
[White "Beyer, Lorenz"]
[Black "Ivanov, Andrey A."]
[Result "1-0"]
[WhiteTitle "CM"]
[BlackTitle "CM"]
[WhiteElo "2226"]
[BlackElo "2120"]
[WhiteFideId "16245393"]
[BlackFideId "2514311"]
[EventDate "2025.06.17"]

1. d4 Nf6 2. Bf4 e6 3. Nf3 c5 4. e3 cxd4 5. exd4 d5 6. c3 Bd6 7. Bg3 O-O 8. Bd3
Ne4 9. O-O Bxg3 10. hxg3 f5 11. Ne5 Nc6 12. Nf3 b6 13. Nbd2 a5 14. Qe2 Bb7 15.
Ne5 Nxe5 16. dxe5 Qc8 17. Nf3 Ba6 18. Nd4 Bxd3 19. Qxd3 Qc7 20. Nxe6 Qxe5 21.
Nxf8 Rxf8 22. Rfe1 Qd6 23. Rad1 Rd8 24. Qd4 Nf6 25. Re5 b5 26. f3 h6 27. Kf2 Rc8
28. b3 a4 29. Rxf5 axb3 30. axb3 Ra8 31. Rxd5 Qa3 32. Rd8+ Rxd8 33. Qxd8+ Kh7
34. Qd3+ Kg8 35. b4 Qa2+ 36. Rd2 Qf7 37. Kg1 Qc7 38. Qd8+ Qxd8 39. Rxd8+ Kh7 40.
Rb8 Nd5 41. Rxb5 Nxc3 42. Rc5 Kg6 43. Rxc3 1-0

[Event "Titled Tue 17th Jun Early"]
[Site "chess.com INT"]
[Date "2025.06.17"]
[Round "6"]
[White "Mihajlovskij, Sergei"]
[Black "Arya G Mallar"]
[Result "1-0"]
[BlackTitle "WCM"]
[WhiteElo "2292"]
[BlackElo "2000"]
[WhiteFideId "13500805"]
[BlackFideId "25115324"]
[EventDate "2025.06.17"]

1. e4 c5 2. Nf3 d6 3. d4 cxd4 4. Qxd4 Nc6 5. Bb5 Bd7 6. Qd3 Nf6 7. Nc3 g6 8. Bg5
Bg7 9. O-O-O O-O 10. e5 Ng4 11. exd6 Nxf2 12. Qc4 Re8 13. dxe7 Qc8 14. Rxd7 Qxd7
15. Rf1 Ng4 16. h3 Nh6 17. g4 Rac8 18. Nd5 Qe6 19. Re1 Qd7 20. Nf6+ Bxf6 21.
Bxf6 a6 22. Qf4 1-0

[Event "Titled Tue 17th Jun Early"]
[Site "chess.com INT"]
[Date "2025.06.17"]
[Round "6"]
[White "Pakleza, Zbigniew"]
[Black "Seder, Mohammed"]
[Result "1-0"]
[WhiteTitle "GM"]
[BlackTitle "FM"]
[WhiteElo "2484"]
[BlackElo "2075"]
[WhiteFideId "1119290"]
[BlackFideId "11505567"]
[EventDate "2025.06.17"]

1. d4 e6 2. Nf3 f5 3. Bf4 Nf6 4. e3 Be7 5. h3 O-O 6. Be2 c5 7. c3 Nc6 8. Nbd2 d5
9. Ne5 Qb6 10. Qb3 c4 11. Qc2 Nxe5 12. Bxe5 Bd7 13. O-O a5 14. b3 cxb3 15. Qxb3
Qc6 16. c4 Ne4 17. cxd5 Nxd2 18. dxc6 Nxb3 19. cxd7 Nxa1 20. Rxa1 Rfd8 21. Bb5
a4 22. Bc7 Rf8 23. Rb1 Bd8 24. Bd6 Rf7 25. Bc4 Be7 26. Be5 Rff8 27. Bxe6+ Kh8
28. Rxb7 a3 29. d8=Q 1-0

[Event "Titled Tue 17th Jun Early"]
[Site "chess.com INT"]
[Date "2025.06.17"]
[Round "6"]
[White "Gunawardhana, Devindya Oshini"]
[Black "Olhovik, Andrei"]
[Result "1-0"]
[WhiteTitle "WIM"]
[BlackTitle "FM"]
[WhiteElo "2121"]
[BlackElo "2282"]
[WhiteFideId "29941482"]
[BlackFideId "13507397"]
[EventDate "2025.06.17"]

1. Nf3 d5 2. b3 c5 3. Bb2 Nc6 4. e3 Nf6 5. d4 e6 6. g3 Be7 7. Bg2 O-O 8. O-O b6
9. Nbd2 Bb7 10. Qe2 Ne4 11. Rfd1 f5 12. c4 Bf6 13. Ne5 cxd4 14. exd4 Nxe5 15.
dxe5 Be7 16. Nxe4 fxe4 17. Bxe4 Bc5 18. Bd4 Qe7 19. cxd5 exd5 20. Bxc5 Qxc5 21.
Rac1 Qa5 22. Bb1 Rae8 23. Rc7 Rf7 24. Rxf7 Kxf7 25. Qh5+ Ke7 26. Qxh7 1-0

[Event "Titled Tue 17th Jun Early"]
[Site "chess.com INT"]
[Date "2025.06.17"]
[Round "6"]
[White "Buyankhishig, Batpelden"]
[Black "Agarwal, Amaya"]
[Result "1-0"]
[WhiteTitle "WFM"]
[BlackTitle "WCM"]
[WhiteElo "2015"]
[BlackElo "2004"]
[WhiteFideId "4923537"]
[BlackFideId "48733580"]
[EventDate "2025.06.17"]

1. d4 d5 2. c4 e6 3. Nf3 Nf6 4. Nc3 Be7 5. Bf4 O-O 6. e3 Nbd7 7. c5 c6 8. Bd3 b6
9. b4 a5 10. a3 Ba6 11. O-O Bxd3 12. Qxd3 axb4 13. axb4 bxc5 14. bxc5 Nh5 15.
Ne5 Nxf4 16. exf4 Nxe5 17. fxe5 f6 18. f4 Qd7 19. Na4 fxe5 20. Nb6 e4 21. Qh3
Qb7 22. Nxa8 Rxa8 23. Qxe6+ Kh8 24. Rxa8+ Qxa8 25. Qxe7 h6 26. f5 Qa4 27. Qe5
Kh7 28. f6 gxf6 29. Qxf6 Qa7 30. Qxc6 Qg7 31. Qxd5 e3 32. Qe4+ Kh8 33. Qxe3 Kh7
34. Qe4+ Kh8 35. Qe8+ Kh7 36. Rf7 Qxf7 37. Qxf7+ Kh8 38. c6 h5 39. c7 h4 40.
c8=Q# 1-0

[Event "Titled Tue 17th Jun Early"]
[Site "chess.com INT"]
[Date "2025.06.17"]
[Round "6"]
[White "Ai, Evan"]
[Black "Castillo Pena, Patricia Evarista"]
[Result "1-0"]
[BlackTitle "WFM"]
[WhiteElo "2188"]
[BlackElo "1909"]
[WhiteFideId "2094770"]
[BlackFideId "6412106"]
[EventDate "2025.06.17"]

1. e4 c5 2. Nf3 d6 3. d4 cxd4 4. Nxd4 Nf6 5. Nc3 a6 6. f3 e5 7. Nb3 Be6 8. Be3
Be7 9. Qd2 O-O 10. O-O-O b5 11. g4 b4 12. Nd5 Bxd5 13. exd5 a5 14. Kb1 a4 15.
Nc1 Nbd7 16. h4 a3 17. h5 axb2 18. Nb3 Nb6 19. g5 Nfxd5 20. Bxb6 Nxb6 21. g6 Bf6
22. gxf7+ Rxf7 23. Qxd6 Na4 24. Bc4 Nc3+ 25. Kxb2 Nxd1+ 26. Rxd1 Qc8 27. Bxf7+
Kxf7 28. Qd5+ Kf8 29. Nc5 e4+ 30. Kb1 Rxa2 31. Kxa2 Qb8 32. Nd7+ 1-0

[Event "Titled Tue 17th Jun Early"]
[Site "chess.com INT"]
[Date "2025.06.17"]
[Round "6"]
[White "Cernov, Henrik"]
[Black "Plat, Vojtech"]
[Result "0-1"]
[WhiteTitle "FM"]
[BlackTitle "GM"]
[WhiteElo "2325"]
[BlackElo "2497"]
[WhiteFideId "16258312"]
[BlackFideId "325740"]
[EventDate "2025.06.17"]

1. e4 c5 2. Nf3 Nc6 3. d4 cxd4 4. Nxd4 g6 5. c4 Bg7 6. Be3 Nf6 7. Nc3 Ng4 8.
Qxg4 Nxd4 9. Qd1 e5 10. Nb5 O-O 11. Bd3 Nxb5 12. cxb5 d5 13. O-O d4 14. Bd2 Be6
15. a4 f5 16. Qe2 Kh8 17. f4 fxe4 18. Bxe4 Rc8 19. Rac1 Rxc1 20. Rxc1 exf4 21.
Bxb7 Bf5 22. Bxf4 d3 23. Qd2 Qb6+ 24. Kh1 Qxb7 25. Rc7 Qe4 26. Bh6 Bxh6 27. Qc3+
Kg8 28. Qb3+ 0-1

[Event "Titled Tue 17th Jun Early"]
[Site "chess.com INT"]
[Date "2025.06.17"]
[Round "6"]
[White "Rubes, Jan"]
[Black "Blackburn, Jonathan L B"]
[Result "1-0"]
[WhiteTitle "IM"]
[BlackTitle "FM"]
[WhiteElo "2426"]
[BlackElo "2207"]
[WhiteFideId "338176"]
[BlackFideId "1801090"]
[EventDate "2025.06.17"]

1. Nf3 Nf6 2. b3 g6 3. Bb2 Bg7 4. g3 O-O 5. Bg2 d5 6. O-O a5 7. a3 c5 8. d3 Nc6
9. Nbd2 a4 10. e4 dxe4 11. dxe4 Qc7 12. h3 Rd8 13. Qe2 b6 14. Rfd1 Ba6 15. Nc4
b5 16. Nce5 b4 17. Qe3 Rxd1+ 18. Rxd1 bxa3 19. Qxc5 axb2 20. Nxc6 Qb7 21. e5 Ne4
22. Nxe7+ Kh8 23. Qa3 Nc3 24. Ng5 Qxe7 25. Qxe7 Nxd1 26. Nxf7+ Kg8 27. Qe6 Bc8
28. Nh6+ Kh8 29. Qg8# 1-0

[Event "Titled Tue 17th Jun Early"]
[Site "chess.com INT"]
[Date "2025.06.17"]
[Round "6"]
[White "Dwilewicz, Katarzyna"]
[Black "Starozhilov, Leonid"]
[Result "0-1"]
[WhiteTitle "WFM"]
[BlackTitle "FM"]
[WhiteElo "2198"]
[BlackElo "2240"]
[WhiteFideId "1148486"]
[BlackFideId "14106752"]
[EventDate "2025.06.17"]

1. e4 d6 2. d4 Nf6 3. Nc3 e5 4. Nf3 Nbd7 5. Bc4 Be7 6. O-O O-O 7. a4 a5 8. Re1
c6 9. h3 exd4 10. Nxd4 Nc5 11. Qf3 Be6 12. Bf1 Nfd7 13. Qg3 Ne5 14. Bh6 Ng6 15.
Bd2 Bf6 16. Nxe6 fxe6 17. Be3 Be5 18. Qg4 Qf6 19. Rad1 Rad8 20. Bc4 Rde8 21. Re2
Bxc3 22. Bxc5 Ne5 23. Qg3 Nxc4 24. e5 Bxe5 25. Rxe5 Qxe5 26. Qxe5 Nxe5 27. Bxd6
Rd8 0-1

[Event "Titled Tue 17th Jun Early"]
[Site "chess.com INT"]
[Date "2025.06.17"]
[Round "6"]
[White "Dehtiarov, Roman"]
[Black "Weerasekara, Dishal Nimsara"]
[Result "1-0"]
[WhiteTitle "FM"]
[BlackTitle "FM"]
[WhiteElo "2416"]
[BlackElo "2125"]
[WhiteFideId "14186640"]
[BlackFideId "9997431"]
[EventDate "2025.06.17"]

1. e4 c6 2. d4 d5 3. Nc3 dxe4 4. Nxe4 Bf5 5. Ng3 Bg6 6. Nh3 Nf6 7. Nf4 e6 8. h4
e5 9. Nxg6 hxg6 10. dxe5 Qxd1+ 11. Kxd1 Ng4 12. Ke1 Nxe5 13. Bf4 Nbd7 14. Be2
O-O-O 15. Rd1 Be7 16. h5 f5 17. hxg6 Rxh1+ 18. Nxh1 Nxg6 19. Bd2 f4 20. Bd3 Nde5
21. Bf5+ Kb8 22. f3 Rh8 23. Nf2 Rh2 24. Kf1 Bg5 25. Bc3 Bh4 26. Rd6 Nxf3 27.
Rxg6 Bg3 28. gxf3 Rxf2+ 29. Kg1 Rxc2 30. Bxc2 1-0

[Event "Titled Tue 17th Jun Early"]
[Site "chess.com INT"]
[Date "2025.06.17"]
[Round "6"]
[White "Harshit, Ranjan Sahu"]
[Black "Nurgaliyev, Sauat"]
[Result "1-0"]
[WhiteTitle "CM"]
[BlackTitle "IM"]
[WhiteElo "2191"]
[BlackElo "2404"]
[WhiteFideId "25638815"]
[BlackFideId "13726285"]
[EventDate "2025.06.17"]

1. e4 c5 2. Nc3 d6 3. f4 g6 4. Nf3 Bg7 5. Bc4 Nc6 6. O-O e6 7. Qe1 Nge7 8. d3
O-O 9. Qh4 d5 10. Bb3 Nd4 11. Nxd4 cxd4 12. Ne2 dxe4 13. dxe4 Nc6 14. Qg3 a5 15.
f5 a4 16. Bc4 Ne5 17. Bg5 f6 18. Qxe5 fxe5 19. Bxd8 Rxd8 20. fxe6 Re8 21. e7+
Kh8 22. Rf7 Bg4 23. Raf1 Rec8 24. Bb5 h5 25. h3 Be6 26. R7f3 Rxc2 27. Rf8+ Rxf8
28. Rxf8+ Kh7 29. e8=Q Bxf8 30. Qxf8 Rxb2 31. Qe7+ Kh6 32. Be8 Rb6 33. Qf6 1-0

[Event "Titled Tue 17th Jun Early"]
[Site "chess.com INT"]
[Date "2025.06.17"]
[Round "6"]
[White "Petersen, Marcel"]
[Black "Emeliantsev, Anatoliy"]
[Result "1-0"]
[WhiteTitle "CM"]
[BlackTitle "FM"]
[WhiteElo "2236"]
[BlackElo "2359"]
[WhiteFideId "12935670"]
[BlackFideId "4160681"]
[EventDate "2025.06.17"]

1. e4 c5 2. Nf3 Nc6 3. Bb5 e6 4. O-O Nge7 5. Re1 a6 6. Bf1 Ng6 7. d4 cxd4 8.
Nxd4 Be7 9. c4 Nxd4 10. Qxd4 O-O 11. Nc3 b6 12. Be3 Rb8 13. Qd2 Qc7 14. Rac1 Bb7
15. a3 f5 16. exf5 Rxf5 17. Rcd1 d6 18. Bd3 Qc6 19. f3 Rxf3 20. Be4 Rxe3 21.
Bxc6 Rxe1+ 22. Qxe1 Bxc6 23. Qxe6+ Kh8 24. Nd5 Bxd5 25. cxd5 Rd8 26. Rc1 Bf6 27.
Rc8 1-0

[Event "Titled Tue 17th Jun Early"]
[Site "chess.com INT"]
[Date "2025.06.17"]
[Round "6"]
[White "Gholami Orimi, Mahdi"]
[Black "Stanojevic, Ilija"]
[Result "1-0"]
[WhiteTitle "GM"]
[BlackTitle "FM"]
[WhiteElo "2511"]
[BlackElo "2189"]
[WhiteFideId "12558486"]
[BlackFideId "959995"]
[EventDate "2025.06.17"]

1. d4 d5 2. Nf3 e6 3. g3 Nf6 4. Bg2 Be7 5. O-O Ne4 6. c4 f5 7. b3 Nc6 8. Qc2 Bf6
9. Rd1 Bd7 10. Nc3 Ne7 11. Ne5 c6 12. Nxe4 fxe4 13. f3 Bxe5 14. dxe5 exf3 15.
exf3 O-O 16. Ba3 Rf7 17. f4 Nf5 18. Qf2 Qa5 19. Bd6 Qb6 20. c5 Qd8 21. Qd2 b6
22. b4 h6 23. a4 Nxd6 24. exd6 Qf6 25. Re1 g5 26. fxg5 Qxg5 27. Qxg5+ hxg5 28.
Bh3 Rf6 29. Re5 Rg6 30. Bg4 bxc5 31. bxc5 Rb8 32. Rae1 Kf7 33. Bh5 Kf6 34. Bxg6
Kxg6 35. h4 gxh4 36. gxh4 Kf6 37. Rg5 Rb4 38. Rf1+ 1-0

[Event "Titled Tue 17th Jun Early"]
[Site "chess.com INT"]
[Date "2025.06.17"]
[Round "6"]
[White "Anakok, Deniz"]
[Black "Tang, Dylan"]
[Result "1-0"]
[WhiteTitle "CM"]
[BlackTitle "FM"]
[WhiteElo "2058"]
[BlackElo "2236"]
[WhiteFideId "51603586"]
[BlackFideId "30972531"]
[EventDate "2025.06.17"]

1. e4 c5 2. Nf3 g6 3. c3 d5 4. exd5 Qxd5 5. d4 Bg7 6. Be3 cxd4 7. cxd4 Nf6 8.
Nc3 Qd8 9. Be2 O-O 10. O-O b6 11. Ne5 Bb7 12. Bf3 Bxf3 13. Qxf3 Nbd7 14. Nc6 Qe8
15. Nb5 Rc8 16. Nbxa7 Rc7 17. Nb5 Rc8 18. Bf4 e5 19. dxe5 Nh5 20. Nd6 Qe6 21.
Nxc8 Rxc8 22. Rac1 Nc5 23. Nd4 Qd7 24. Rfd1 Re8 25. b4 Nxf4 26. bxc5 Bxe5 27.
Nc6 Qf5 28. Rd8 Rxd8 29. Ne7+ Kf8 30. Nxf5 Nd3 31. Rd1 1-0

[Event "Titled Tue 17th Jun Early"]
[Site "chess.com INT"]
[Date "2025.06.17"]
[Round "6"]
[White "Bratovic, Blaz"]
[Black "Shukhman, Anna"]
[Result "0-1"]
[WhiteTitle "IM"]
[BlackTitle "WGM"]
[WhiteElo "2319"]
[BlackElo "2413"]
[WhiteFideId "14603551"]
[BlackFideId "54180058"]
[EventDate "2025.06.17"]

1. e4 c5 2. Nf3 d6 3. d4 cxd4 4. Nxd4 Nf6 5. Nc3 g6 6. Be3 Nc6 7. f3 h5 8. Qd2
Nxd4 9. Bxd4 Bh6 10. Be3 Bxe3 11. Qxe3 Be6 12. O-O-O Qa5 13. Rd4 a6 14. Be2 Rc8
15. Rhd1 O-O 16. f4 Bxa2 17. e5 dxe5 18. fxe5 Nh7 19. Bf3 Be6 20. Bd5 Bg4 21.
Rf1 Bf5 22. e6 Qa1+ 23. Kd2 Qxf1 24. exf7+ Kg7 25. Rf4 Qa1 26. Rxf5 gxf5 27.
Qg3+ Kh8 28. Qe5+ Nf6 29. Qxe7 Kg7 30. Qe5 Qxb2 31. Qg3+ Kh7 32. Qd3 Qxc3+ 33.
Qxc3 Rxc3 0-1